书目信息 |
| 题名: |
建筑结构CAD教程
|
|
| 作者: | 崔钦淑 主编 | |
| 分册: | ||
| 出版信息: | 北京 北京大学出版社 2009.06 |
|
| 页数: | 360页 | |
| 开本: | 26cm | |
| 丛书名: | ||
| 单 册: | ||
| 中图分类: | TU311.41 | |
| 科图分类: | ||
| 主题词: | 建筑结构--计算机辅助设计--高等学校--教材 , 建筑结构 , 计算机辅助设计 | |
| 电子资源: | ||
| ISBN: | 978-7-301-15268-3 | |
| 000 | 00925nam0 2200265 450 | |
| 001 | 010080000602 | |
| 005 | 20091208161613.57 | |
| 010 | @a978-7-301-15268-3@dCNY36.00 | |
| 100 | @a20090805d2009 em y0chiy0110 ea | |
| 101 | 0 | @achi |
| 102 | @aCN@b110000 | |
| 105 | @aa z 000yy | |
| 106 | @ar | |
| 200 | 1 | @a建筑结构CAD教程@9jian zhu jie gou CAD jiao cheng@f崔钦淑主编 |
| 210 | @a北京@c北京大学出版社@d2009.06 | |
| 215 | @a360页@c图@d26cm | |
| 300 | @a21世纪全国应用型本科土木建筑系列实用规划教材 | |
| 330 | @a本书共分8章,内容包括:PKPM建筑结构CAD概述,PMCAD结构平面设计软件应用.PK平面结构计算与施工图绘制软件.SATWE多、高层建筑结构空间有限元分析与设计软件等。 | |
| 606 | 0 | @a建筑结构@x计算机辅助设计@x高等学校@j教材 |
| 606 | 0 | @a建筑结构 |
| 606 | 0 | @a计算机辅助设计 |
| 690 | @aTU311.41@v4 | |
| 701 | 0 | @a崔钦淑@9cui qin shu@4主编 |
| 801 | 0 | @aCN@bRENTIAN@c20091208 |
| 905 | @b20795424-29@dTU311.41@e479@f6 | |
| 建筑结构CAD教程/崔钦淑主编.-北京:北京大学出版社,2009.06 |
| 360页:图;26cm |
| 21世纪全国应用型本科土木建筑系列实用规划教材 |
| ISBN 978-7-301-15268-3:CNY36.00 |
| 本书共分8章,内容包括:PKPM建筑结构CAD概述,PMCAD结构平面设计软件应用.PK平面结构计算与施工图绘制软件.SATWE多、高层建筑结构空间有限元分析与设计软件等。 |
| ● |
| 相关链接 |
|
|
|
|
正题名:建筑结构CAD教程
索取号:TU311.41/479
 
预约/预借
| 序号 | 登录号 | 条形码 | 馆藏地/架位号 | 状态 | 备注 |
| 1 | 795424 | 207954249 | 第二样本阅览室/ [索取号:TU311.41/479] | 在馆 | |
| 2 | 795425 | 207954258 | 第三借阅区/ [索取号:TU311.41/479] | 在馆 | |
| 3 | 795426 | 207954267 | 第三借阅区/ [索取号:TU311.41/479] | 在馆 | |
| 4 | 795427 | 207954276 | 第三借阅区/ [索取号:TU311.41/479] | 在馆 | |
| 5 | 795428 | 207954285 | 第三借阅区/ [索取号:TU311.41/479] | 在馆 | |
| 6 | 795429 | 207954294 | 第三借阅区/ [索取号:TU311.41/479] | 在馆 |